Pokémon: Alle Attacken von Flamiau - Statistiken

Allgemein
  • Dieses Quiz wurde 30 mal gespielt
  • Das Durchschnittsergebnis liegt bei 9 aus 19
Antwortstatistiken
Level Typ Attacke % Korrekt
1 Feuer Glut
88%
1 Normal Kratzer
88%
22 Unlicht Biss
75%
36 Feuer Flammenwurf
71%
4 Normal Heuler
71%
1 Unlicht Dark Lariat
58%
8 Geist Schlecker
58%
14 Feuer Feuerzahn
54%
43 Feuer Flammenblitz
54%
11 Normal Silberblick
50%
29 Normal Kratzfurie
46%
16 Kampf Doppelkick
38%
46 Drache Wutanfall
38%
1 Unlicht Neck Strike
21%
1 Kampf Protzer
17%
18 Normal Brüller
13%
39 Normal Grimasse
13%
25 Normal Angeberei
8%
32 Normal Fuchtler
8%
Keine übereinstimmenden Quizze gefunden
Verteilung der Resultate
Anzahl Personen mit jedem Resultat
Perzentil nach korrekt beantworteten Fragen
Ihre Resultats-Entwicklung
Sie haben dieses Quiz noch nicht gespielt